| 000 | 00760nam a2200205 i 4500 | ||
|---|---|---|---|
| 001 | 22232 | ||
| 003 | ES-MaACL | ||
| 005 | 20250826083214.0 | ||
| 007 | t| | ||
| 008 | 021202s1916 sp ||||1| spa d | ||
| 100 | 0 |
_aAlgarra y Postius, Jaime. _919887 |
|
| 245 | 1 | 3 |
_aEl monopolio de explosivos ante el Parlamento _b: conferencia pronunciada el 18 de noviembre de 1916 en el Fomento del Trabajo Nacional / _cJaime Algarra y Postius. |
| 260 |
_aBarcelona : _b[s.n.], _c1916. |
||
| 300 |
_a32 p. ; _c20 cm. |
||
| 594 | _aPrecede al tit.: Sociedad de Estudios Económicos. | ||
| 650 | 4 |
_aIndustria de los explosivos- _zEspaña. _9158380 |
|
| 710 | 2 |
_aFomento del Trabajo Nacional (Cataluña) _94136 |
|
| 852 |
_aES-MaACL _j1516-F-3 |
||
| 999 |
_c22232 _d22232 |
||